00325nam a2200133Ia 4500008004100000100002100041245003500062250001200097260002800109300000800137650002400145942000700169999001500176190216s9999||||xx |||||||||||||| ||und|| aArthur W Adamson 0aPhysical Chemistry Of Surfaces a4th Ed. bJohn Wiley & Sonsc1982 a664 aChemistry-Chemistry cBK c2476d2476